=LDR 00000nam 2200000 4500 =001 INLIS000000000053941 =005 20190507072636 =035 ##$$a 0010-0519000003 =007 ta =008 190507###########################0###### =020 ##$$a 979-3565-05-5 =082 ##$$a 621.384 5 =084 ##$$a 621.384 5 ARM c =100 #$$a Armin Irawan =245 1#$$a Cara praktis jadi teknisi handphone sofware maupun hardware /$c Armin Irawan =250 ##$$a Cet 1 =260 ##$$a Surabaya :$b Padillah print,$c 2005 =300 ##$$a 104 hlm. : $b ilus. ; $c 21 Cm. =650 ##$$a Teknik - Telpon Seluler =700 #$$a Dila Yanto =504 ##$$a Bibliografi halaman : 99 =990 ##$$a 08540854 =990 ##$$a 31800183